00854 a2200169 4500003000500000005001700005010001600022020001700038040000900055082001200064100002100076245004000097260005100137300003400188505044900222650001300671Nust20221128121400.0 a 86008163 a0135961238 : cNust00a530,OHA1 aOhanian, Hans C.10aModern physics / cHans C. Ohanian. aEnglewood Cliffs, NJ :bPrentice-Hall,cc1987. axii, 543 p. :bill. ;c25 cm. aParticles and Waves in Classical Physics (Page-1), The Theory of Special Relativity (Page-64), Quanta of Energy (Page-106), Atomic Structure and Spectral Lines (Page-139), Wave Mechanics I-Free Particles (Page-179), Wave Mechanics II-Particles in Potentials (Page-215), Spin and the Exclusion Principle (Page-256), Electrons in Solids (Page-310), Nuclear Structure (Page-352), Nuclear Transmutations (Page-393), Elementary Particles (Page-438). 0aPhysics.